000 00666nam a2200229Ia 4500
003 OSt
005 20220928140151.0
006 a|||||r|||| 00| 0
007 ta
008 220927b |||||||| |||| 00| 0 eng d
024 _a7145
037 _cTextual
040 _aSDCL
_cSDCL
_beng
041 _2eng
_aeng
082 _aX:74p1,N87, M8
100 _aOppenlader Karl Heinrich Ed.
_9494331
245 0 _aContributions of business cycle surveys to empirical economics
260 _c1988
700 _a Poser Gunter Ed.
_9494332
942 _hX:74p1,N87, M8
_cTEXL
_2CC
999 _c810241
_d810241